000 00903nam a2200265 a 4500
001 000009906
003 DO-SdBNP
005 20240305130643.0
007 ta
008 091002s2005 dr grd 000 0 spa d
020 _z9993482382
040 _aDO-SdBNP
_bspa
_cBNPHU
082 4 _222
_aR 398.03
_bP328d
100 1 _aPaulino Ramos, Alejandro,
_d1951-
_9325
245 1 0 _aDiccionario de cultura y folklore dominicano /
_cAlejandro Paulino Ramos , Aquiles Castro.
260 _aSanto Domingo :
_bABC,
_c2005
300 _a438 p. ;
_c23 cm.
504 _aBibliografía : p. 426-438
590 _aInventariado 2022 / MF
650 4 _aCultura popular
_zRepública Dominicana
_vDiccionarios
_xEspañol
_924841
651 4 _aFolklore
_zRepública Dominicana
_vDiccionarios
_xEspañol
_924842
700 1 2 _aCastro, Aquiles,
_d1959-
_912271
910 _aValidado. Control de calidad MMolina
942 _2ddc
_cLBS1
999 _c9665
_d9665